000
002490000a22000970004500
100
1
_a
Schreiner, Thomas R.
245
1
0
_a
"Works of law" in Paul
300
_a
Vol. 33, Num. 3 (Julio, 1991), Páginas 217-244
773
0
_t
Novum Testamentum
942
_c
ANA
999
_c
56812
_d
56812